000 00223 a2200097 4500
001 25858
100 _aTrumbull, R
245 _aNone Who Survived Hiroshima and Nagasaki
260 _a
_bDulton
_c1957
090 _c17477
_d17477
942 _aNUST-CAE
_cM
_c8310
999 _c260931
_d260931